The character of kinship

Αποθηκεύτηκε σε:
Λεπτομέρειες βιβλιογραφικής εγγραφής
Άλλοι συγγραφείς: Goody, Jack (Επιμελητής έκδοσης)
Μορφή: Βιβλίο
Γλώσσα:English
Δημοσίευση: Cambridge : Cambridge University, 1973
Θέματα:
Ετικέτες: Προσθήκη ετικέτας
Δεν υπάρχουν, Καταχωρήστε ετικέτα πρώτοι!

MARC

LEADER 00000cam a2200000 i 4500
001 1/24645
008 060217s1973 eng d
020 |a 0-521-20290-6 
035 |l 10082718 
040 |a GR-MY-UA  |b gre  |e aacr 
041 0 |a eng 
082 0 |a 306.8  |2 (22) 
245 1 4 |a The character of kinship /  |c edited by Jack Goody 
260 |a Cambridge :   |b Cambridge University,   |c 1973 
300 |a 251 σ.;  |b σχημ., πιν.;  |c 24 εκ. 
504 |a Περιέχει βιβλιογραφία (σ. [231]-248) και ευρετήριο 
650 0 0 |a Marriage. 
650 0 0 |a Family. 
650 0 0 |a Kinship. 
700 1 |a Goody, Jack.  |4 edt 
852 |a INST  |b LESVOS  |e 20060217  |h 306.8 CHA  |p 005100034552  |q 005100034552  |t BK  |y 0 
901 |a BIBL1-2006-1 
909 |a Λ  |b 125927 
970 |a ΚΑΡΑ  |b ΓΙΑΣΕΜΗ  |z 2006/02/17